Aktuální populační prognózy České republiky - porovnání výsledků
Populačný faktor predmetom úvah o ďalších možnostiach existencie ľudského druhu. Hlavné výsledky študovaných prognóz na úrovni Českej republiky. Celkový počet obyvateľov. Obyvateľstvo podľa hlavných vekových skupín. Starnutie obyvateľstva a jeho dopady na vývoj ekonomického zaťaženia obyvateľstva.
Guardado en:
| Autor principal: | |
|---|---|
| Otros Autores: | |
| Formato: | Capítulo de libro |
| Lenguaje: | checo |
| Materias: | |
| Etiquetas: |
Sin Etiquetas, Sea el primero en etiquetar este registro!
|
MARC
| LEADER | 00000naa$a2200000$$$4500 | ||
|---|---|---|---|
| 001 | 0109657 | ||
| 005 | 20220426115043.2 | ||
| 041 | 0 | |a cze | |
| 044 | |a CZ | ||
| 245 | 1 | 0 | |a Aktuální populační prognózy České republiky - porovnání výsledků |c Luděk Šídlo, Klára Tesárková |
| 520 | |a Populačný faktor predmetom úvah o ďalších možnostiach existencie ľudského druhu. Hlavné výsledky študovaných prognóz na úrovni Českej republiky. Celkový počet obyvateľov. Obyvateľstvo podľa hlavných vekových skupín. Starnutie obyvateľstva a jeho dopady na vývoj ekonomického zaťaženia obyvateľstva. | ||
| 610 | 2 | 0 | |a demografia |
| 610 | 2 | 0 | |a obyvateľstvo |
| 610 | 2 | 0 | |a spoločnosť |
| 610 | 2 | 0 | |a populácia |
| 610 | 2 | 0 | |a vek |
| 610 | 2 | 0 | |a starnutie populácie |
| 610 | 2 | 0 | |a prognózy demografické |
| 610 | 2 | 0 | |a štatistika |
| 610 | 2 | 0 | |a Česko |
| 100 | 1 | |a Šídlo, Luděk | |
| 700 | 1 | |a Tesárková, Klára | |